000 00487nam a22001217a 4500
005 20250812161333.0
100 _aPatrayotin Nitus
245 0 _aIs there a need for a futures market for natural rubber in Thailand
260 _bProceedings of the International Rubber Marketing Conference 1996 held in Phuket, 11-13 April.roceedings of the International Rubber Marketing Conference 1996 held in Phuket, 11-13 April.p261-267
650 _aRubber market
650 _aThailand
942 _cJS
999 _c61704
_d61704